Odstraňovanie zvolených relevantných látok reakciami s využitím ozónu

Salvato in:
Dettagli Bibliografici
Autore principale: Kotúčová, Katarína (Autore)
Altri autori: Derco, Ján (Relatore della tesi)
Natura: Manoscritto Libro
Lingua:slovacco
Pubblicazione: 2017
Soggetti:
Accesso online:http://is.stuba.sk/zp/portal_zp.pl?podrobnosti=128738
Tags: Aggiungi Tag
Nessun Tag, puoi essere il primo ad aggiungerne!!

MARC

LEADER 00000ntm a22000003a 4500
001 stuzp65162
003 SK-STU
005 20170610211556.8
007 ta
008 150427s2015----xo-----f-mn---000-0-slo-d
040 |a STU  |b slo 
041 0 |a slo 
100 1 |a Kotúčová, Katarína  |u 046290  |k Z4  |4 aut  |U FCHPT Ústav chemického a environmentálneho inžinierstva  |T FCHPT Oddelenie environmentálneho inžinierstva  |X 43211  |U C6290  |Y 120  |7 43211 
242 0 1 |a Removal of relevant substances by ozone reactions  |y eng 
245 1 0 |a Odstraňovanie zvolených relevantných látok reakciami s využitím ozónu 
260 |c 2017 
650 4 |a benztiazol  |2 slo 
650 4 |a CHSK  |2 slo 
650 4 |a ozón  |2 slo 
650 4 |a butylhydroxytoluén  |2 slo 
650 4 |a benzthiazole  |2 eng 
650 4 |a butylhydroxytoluene  |2 eng 
650 4 |a CHSK  |2 eng 
650 4 |a ozone  |2 eng 
700 1 |a Derco, Ján  |u 046290  |k Z1  |4 ths  |U FCHPT Ústav chemického a environmentálneho inžinierstva  |T FCHPT Oddelenie environmentálneho inžinierstva  |X 3304  |U C6290  |Y 120  |7 A000003304 
856 4 |u http://is.stuba.sk/zp/portal_zp.pl?podrobnosti=128738